| 000 | 00541nam a22001937a 4500 | ||
|---|---|---|---|
| 999 |
_c524705 _d524705 |
||
| 003 | NUST | ||
| 020 | _a969-455-009-2 | ||
| 038 | _aNUST | ||
| 082 |
_a891.421 _bASL |
||
| 100 |
_aAslam Rana, Doctor _915498 |
||
| 245 |
_aRamz Rowayat / _cDoctor Aslam Rana. |
||
| 260 |
_aLahore : _bAziz Publishers, _c1993. |
||
| 300 |
_a304 p. ; _c16 cm. |
||
| 500 | _aPaperback. | ||
| 880 |
_6100-01\r _a.ڈاکٹراسلم رانا |
||
| 880 |
_6245-02\r _a/رمزروایت |
||
| 880 |
_6260-03\r _a,عزیز پبلشرز،لاہور |
||
| 942 |
_2ddc _cBK |
||